000 01029nam a22002535i 4500
001 157257
003 ES-MaACL
005 20250830111239.0
008 950206s1864 fr |||| | fre d
040 _aCLM
100 1 _aLaurent, François,
_d1810-1887
_9128741
245 1 4 _aLes barbares et le catholicisme /
_cpar F. Laurent.
250 _a2e ¯ed. corrigée.
260 _aParis :
_bLibrairie Internationale... :
_bA. Lacroix, Verboeckhoven et Cie. éditeurs...,
_c1864 (
_eBruxelles :
_fTyp. A. Lacroix, Verboeckhoven et Cie...)
300 _a534 p. ;
_c21 cm.
490 1 _aEtudes sur l'histoire de l'humanite
490 1 _aHistoire du droit des gens et des relations internationales ;
_v5
610 2 4 _aIglesia Católica
_94639
650 7 _aHistoria medieval
_2embne
_913411
830 0 _aEtudes sur l'histoire de l'humanite
_9188106
830 0 _aHistoire du droit des gens et des relations internationales ;
_v5
_9188107
852 _aES-MaACL
_jD-4570
_z-- Enc. hol.
999 _c157257
_d157257